| 000 | 00510cam a22001571 4500 | ||
|---|---|---|---|
| 082 |
_a624.183414 _bEVA _cL-19, P-16 |
||
| 100 | 1 |
_aEvans, R. H. _943110 |
|
| 245 | 1 | 0 |
_aPre-stressed concrete, theory and design _c[by] R. H. Evans and E. W. Bennett. |
| 260 |
_aLondon, _bChapman and Hall, _c1958. |
||
| 300 |
_a294 p. _billus. _c26 cm. |
||
| 526 |
_a0 _b0 _c0 _d624_183414000000000_EVA |
||
| 650 | 0 |
_aMCE _9379 |
|
| 650 | 0 |
_aPrestressed concrete. _923341 |
|
| 700 | 1 |
_aBennett, Ernest Walker, _943192 |
|
| 942 |
_2ddc _cBK |
||
| 999 |
_c546995 _d546995 |
||